000 00637cam a22002411 4500
001 8446310
005 20180213081901.0
008 780601s1963 nyua b 000 0 eng
010 _a 63021357
015 _aGB64-1368
035 _a(OCoLC)3944809
040 _aDLC
_cOAk
_dOCoLC
_dNCaUA
_dOCoLC
_dUk
_dDLC
041 _aeng
042 _apremarc
080 _a629.225 BAR
082 _a629.225 BAR
100 1 _a27
101 _aIM
245 0 0 _aTractors and their power units
_c[by] E. L. Barger [and others]
504 _aIncludes bibliographies.
906 _a7
_bcbc
_coclcrpl
_du
_encip
_f19
_gy-gencatlg
942 _2ddc
_cBK
999 _c42406
_d42406